[Event "Regionalliga Sued-West 1819"]
[Site "Bayern"]
[Date "2019.02.24"]
[Round "7.6"]
[White "Lux, Werner"]
[Black "Braun, Thomas1111"]
[Result "0-1"]
[WhiteElo "1994"]
[BlackElo "2062"]
[PlyCount "62"]
[EventDate "2018.10.21"]
[EventType "team-tourn"]
[EventRounds "9"]
[EventCountry "GER"]
[SourceTitle "EXT 2022"]
[Source "ChessBase"]
[SourceDate "2021.10.06"]
[SourceVersion "1"]
[SourceVersionDate "2021.10.06"]
[SourceQuality "1"]
[WhiteTeam "Tuerkheim/Bad Woerishofen"]
[BlackTeam "Muenchen Bayern III"]
[WhiteTeamCountry "GER"]
[BlackTeamCountry "GER"]

1. e4 e6 2. d3 d5 3. Nd2 c5 4. g3 Bd6 5. Bg2 Ne7 6. f4 Nbc6 7. Ngf3 b6 8. 0-0 Bb7 9. Nh4 Qd7 10. Re1 Bc7 11. c3 0-0-0 12. Nhf3 f6 13. Qc2 Kb8 14. Bf1 e5 15. fxe5 Nxe5 16. Nxe5 Bxe5 17. Bg2 dxe4 18. dxe4 h5 19. Nf3 Ng6 20. Nxe5 Nxe5 21. Bf4 Qe6 22. h4 Ka8 23. Bxe5 Qxe5 24. Re3 Rd6 25. Rf1 Rhd8 26. Rf5 Rd2 27. Rxe5 Rxc2 28. Rxh5 Rd1+ 29. Kh2 Bc6 30. Rh8+ Kb7 31. g4 Rdd2 0-1

[Event "Regionalliga Sued-West 1819"]
[Site "Bayern"]
[Date "2018.11.25"]
[Round "3.7"]
[White "Lux, Werner"]
[Black "Birnbaum, Karsten"]
[Result "1-0"]
[WhiteElo "1994"]
[BlackElo "1824"]
[PlyCount "115"]
[EventDate "2018.10.21"]
[EventType "team-tourn"]
[EventRounds "9"]
[EventCountry "GER"]
[SourceTitle "EXT 2022"]
[Source "ChessBase"]
[SourceDate "2021.10.06"]
[SourceVersion "1"]
[SourceVersionDate "2021.10.06"]
[SourceQuality "1"]
[WhiteTeam "Tuerkheim/Bad Woerishofen"]
[BlackTeam "Klosterlechfeld"]
[WhiteTeamCountry "GER"]
[BlackTeamCountry "GER"]

1. e4 e6 2. d3 b6 3. g3 Bb7 4. Bg2 Ne7 5. Nf3 g6 6. 0-0 Bg7 7. c3 0-0 8. Be3 d5 9. e5 h6 10. d4 Nf5 11. Bf4 Nd7 12. Re1 c5 13. Na3 g5 14. Bc1 Qb8 15. g4 Ne7 16. h4 gxh4 17. Nxh4 Ng6 18. Nxg6 fxg6 19. Qd3 g5 20. Re3 a6 21. Rh3 Qd8 22. Qg6 Qe8 23. Rxh6 Qxg6 24. Rxg6 cxd4 25. cxd4 Kf7 26. Rxg5 Rac8 27. Rh5 Rg8 28. Be3 b5 29. Bf3 b4 30. Nb1 Rc2 31. b3 Rgc8 32. Kg2 Nb6 33. Nd2 Rb2 34. Bd1 Rc3 35. Nf1 Nd7 36. Bc1 Rxa2 37. Rxa2 Rxc1 38. Be2 Rc3 39. Rh3 Rc6 40. Bd3 Nb8 41. Rc2 Rxc2 42. Bxc2 Nc6 43. Rd3 Ke7 44. f4 a5 45. Rd2 Kf7 46. Kf3 Na7 47. Bd3 Bc6 48. Rc2 Bf8 49. Ke3 Be7 50. Ra2 Bd8 51. Nd2 Bd7 52. Nf3 Bb6 53. Rh2 a4 54. bxa4 Bxa4 55. Ra2 Bd7 56. Ra6 Nc8 57. f5 Bd8 58. fxe6+ 1-0

[Event "Regionalliga SW 1415"]
[Site "Bayern"]
[Date "2014.11.09"]
[Round "2.6"]
[White "Sajka, Mariusz"]
[Black "Lux, Werner"]
[Result "1/2-1/2"]
[WhiteElo "2195"]
[BlackElo "1996"]
[PlyCount "150"]
[EventDate "2014.10.19"]
[EventType "team-tourn"]
[EventRounds "9"]
[EventCountry "GER"]
[SourceTitle "EXT 2018"]
[Source "ChessBase"]
[SourceDate "2017.10.13"]
[SourceVersion "1"]
[SourceVersionDate "2017.10.13"]
[SourceQuality "1"]
[WhiteTeam "Garching II"]
[BlackTeam "Tuerkheim/Bad Woerishofen"]
[WhiteTeamCountry "GER"]
[BlackTeamCountry "GER"]

1. d4 Nf6 2. c4 g6 3. Nc3 Bg7 4. e4 d6 5. h3 0-0 6. Bg5 h6 7. Be3 e5 8. d5 Nbd7 9. Bd3 Nh5 10. g3 Nc5 11. Bc2 Bd7 12. Qd2 Kh7 13. Nge2 Nf6 14. g4 Ng8 15. 0-0-0 Qe8 16. Kb1 a5 17. f3 Na6 18. h4 Nb4 19. h5 g5 20. c5 Nxc2 21. Qxc2 Qe7 22. cxd6 cxd6 23. Qb3 Rfb8 24. Nb5 b6 25. Rc1 Bf8 26. Nec3 Rb7 27. a4 Rab8 28. Na3 Nf6 29. Ncb5 Ne8 30. Rc3 Kg8 31. Rhc1 Qd8 32. Qc2 Kg7 33. b3 Kg8 34. Ka2 Kg7 35. Qf2 Kg8 36. R1c2 Kg7 37. Nc4 Kg8 38. Bc1 Qf6 39. Ne3 Qd8 40. Ba3 Kh7 41. Nf5 Bxf5 42. gxf5 Kg7 43. Rc6 Rd7 44. Qf1 Nf6 45. Qh1 Ne8 46. Qc1 Rdb7 47. Rc8 Qd7 48. R2c6 Be7 49. Na7 Rxc8 50. Nxc8 Qd8 51. Qe3 b5 52. axb5 Rxb5 53. Qa7 Bf8 54. Nb6 Nf6 55. Qa6 Rxb6 56. Qxb6 Qxb6 57. Rxb6 Nxh5 58. Bxd6 Bxd6 59. Rxd6 Nf6 60. Rc6 h5 61. Rc2 g4 62. fxg4 hxg4 63. Rh2 g3 64. Rg2 Nxe4 65. d6 Kf6 66. Ka3 Nxd6 67. Rxg3 Kxf5 68. Ka4 e4 69. Kxa5 Kf4 70. Rg1 e3 71. Kb4 e2 72. Kc5 Ne4+ 73. Kd5 Nd2 74. Re1 Ke3 75. Ke5 Nxb3 1/2-1/2

[Event "Regionalliga SW 1112"]
[Site "Bayern"]
[Date "2012.01.15"]
[Round "5.6"]
[White "Lux, Werner"]
[Black "Mueller, Marcus"]
[Result "1-0"]
[WhiteElo "2037"]
[BlackElo "2083"]
[PlyCount "79"]
[EventDate "2011.10.02"]
[EventType "team-tourn"]
[EventRounds "9"]
[EventCountry "GER"]
[SourceTitle "EXT 2013"]
[Source "ChessBase"]
[SourceDate "2012.11.22"]
[SourceVersion "1"]
[SourceVersionDate "2012.11.22"]
[SourceQuality "1"]
[WhiteTeam "Tuerkheim/Bad Woerishofen"]
[BlackTeam "Garching II"]
[WhiteTeamCountry "GER"]
[BlackTeamCountry "GER"]

1. e4 c5 2. Nf3 Nc6 3. d3 g6 4. g3 Bg7 5. Bg2 d6 6. 0-0 Nf6 7. Ng5 0-0 8. c3 Rb8 9. f4 Bd7 10. Nh3 Qc8 11. Nf2 Ng4 12. Bf3 Nxf2 13. Rxf2 f5 14. Be3 Kh8 15. h4 e5 16. h5 gxh5 17. Bxh5 exf4 18. gxf4 Bf6 19. Rh2 Rg8+ 20. Kf2 Qe8 21. Qf3 Qe7 22. Nd2 Rbf8 23. Rah1 Rg7 24. Nc4 b5 25. e5 bxc4 26. exf6 Qxf6 27. dxc4 Nd8 28. Rd1 Bc6 29. Qh3 Qe6 30. Be2 Rfg8 31. Bd3 Rg2+ 32. Rxg2 Rxg2+ 33. Ke1 Rg4 34. Kd2 Be4 35. Bf1 Nf7 36. Kc1 Qg6 37. Bd2 Qg8 38. Be2 Rg3 39. Qh4 Qg7 40. Qe7 1-0

[Event "Regionalliga SW 1112"]
[Site "Bayern"]
[Date "2011.12.11"]
[Round "4.5"]
[White "Lux, Werner"]
[Black "Linke, Stefan"]
[Result "0-1"]
[WhiteElo "2037"]
[BlackElo "2100"]
[PlyCount "50"]
[EventDate "2011.10.02"]
[EventType "team-tourn"]
[EventRounds "9"]
[EventCountry "GER"]
[SourceTitle "EXT 2013"]
[Source "ChessBase"]
[SourceDate "2012.11.22"]
[SourceVersion "1"]
[SourceVersionDate "2012.11.22"]
[SourceQuality "1"]
[WhiteTeam "Tuerkheim/Bad Woerishofen"]
[BlackTeam "Muenchen Suedost"]
[WhiteTeamCountry "GER"]
[BlackTeamCountry "GER"]

1. e4 c5 2. Nf3 Nc6 3. d3 d5 4. Nbd2 e6 5. g3 Nge7 6. Bg2 Qc7 7. 0-0 b6 8. Ng5 dxe4 9. dxe4 Ba6 10. Re1 Ng6 11. f4 0-0-0 12. f5 exf5 13. Bh3 Kb8 14. Bxf5 Bd6 15. Ngf3 h5 16. Bxg6 fxg6 17. c3 h4 18. g4 h3 19. Kh1 Ne5 20. Qa4 Bc8 21. g5 Bg4 22. Nxe5 Bxe5 23. Nf1 Bf3+ 24. Kg1 Bxh2+ 25. Kf2 Rhf8 0-1

[Event "Regionalliga SW 0708"]
[Site "Bayern"]
[Date "2008.04.20"]
[Round "9.4"]
[White "Bonacci, Mauro"]
[Black "Lux, Werner"]
[Result "1/2-1/2"]
[WhiteElo "2110"]
[BlackElo "1929"]
[PlyCount "28"]
[EventDate "2007.10.21"]
[EventType "team-tourn"]
[EventRounds "9"]
[EventCountry "GER"]
[SourceTitle "EXT 2009"]
[Source "ChessBase"]
[SourceDate "2008.11.26"]
[SourceVersion "1"]
[SourceVersionDate "2008.11.26"]
[SourceQuality "1"]
[WhiteTeam "Zugzwang MSA"]
[BlackTeam "Tuerkheim"]
[WhiteTeamCountry "GER"]
[BlackTeamCountry "GER"]

1. e4 c5 2. Nc3 e6 3. g3 g6 4. Bg2 Bg7 5. d3 Ne7 6. Be3 b6 7. Qd2 Nbc6 8. Bh6 Bxh6 9. Qxh6 Ng8 10. Qf4 Qf6 11. Qd6 Nb4 12. Rc1 e5 13. Qxf6 Nxf6 14. Nge2 Ba6 1/2-1/2

[Event "Regionalliga SW 0708"]
[Site "Bayern"]
[Date "2008.02.17"]
[Round "6.5"]
[White "Lux, Werner"]
[Black "Heinrich, Helmut1111"]
[Result "1-0"]
[WhiteElo "1915"]
[BlackElo "1996"]
[PlyCount "103"]
[EventDate "2007.10.21"]
[EventType "team-tourn"]
[EventRounds "9"]
[EventCountry "GER"]
[SourceTitle "EXT 2009"]
[Source "ChessBase"]
[SourceDate "2008.11.26"]
[SourceVersion "1"]
[SourceVersionDate "2008.11.26"]
[SourceQuality "1"]
[WhiteTeam "Tuerkheim"]
[BlackTeam "Klosterlechfeld"]
[WhiteTeamCountry "GER"]
[BlackTeamCountry "GER"]

1. e4 Nf6 2. Nc3 d5 3. exd5 Nxd5 4. g3 c6 5. Bg2 g6 6. Nf3 Bg7 7. 0-0 0-0 8. Nxd5 cxd5 9. d4 Nc6 10. c3 b5 11. Re1 e6 12. Bf4 a5 13. Rc1 Ba6 14. a4 b4 15. cxb4 Nxb4 16. Bc7 Qe7 17. Rc3 Bc4 18. Bb6 Qb7 19. Bc5 Rfb8 20. Ne5 Ba6 21. Rf3 f5 22. Rfe3 Re8 23. f4 Bf6 24. h4 Kg7 25. h5 Bxe5 26. Rxe5 Nd3 27. Bxd5 Qxd5 28. Rxd5 exd5 29. Rxe8 Rxe8 30. Qd2 Re1+ 31. Kg2 Rb1 32. Qxa5 Rxb2+ 33. Kf3 Nxc5 34. Qxc5 Be2+ 35. Ke3 Bc4 36. Qe7+ Kg8 37. Qd8+ Kg7 38. hxg6 hxg6 39. Qe7+ Kh6 40. Qh4+ Kg7 41. a5 Re2+ 42. Kf3 Ra2 43. Qd8 Kh7 44. g4 fxg4+ 45. Kxg4 Rg2+ 46. Kf3 Ra2 47. Qh4+ Kg7 48. Qe7+ Kh6 49. Qf8+ Kh7 50. Qf7+ Kh6 51. Qe8 Ra3+ 52. Kg4 1-0

[Event "Regionalliga SW 0203"]
[Site "Bayern"]
[Date "2003.03.30"]
[Round "9.7"]
[White "Lux, Werner"]
[Black "Hoennekes, Klaus"]
[Result "1-0"]
[WhiteElo "1954"]
[BlackElo "2026"]
[PlyCount "51"]
[EventDate "2002.10.20"]
[EventType "team"]
[EventRounds "9"]
[EventCountry "GER"]
[SourceTitle "EXT 2004"]
[Source "ChessBase"]
[SourceDate "2003.11.25"]
[SourceVersion "1"]
[SourceVersionDate "2003.11.25"]
[SourceQuality "1"]
[WhiteTeam "Tuerkheim"]
[BlackTeam "Muenchen Suedost"]
[WhiteTeamCountry "GER"]
[BlackTeamCountry "GER"]

1. e4 e6 2. d3 d5 3. Nd2 c5 4. Ngf3 Nf6 5. g3 Be7 6. Bg2 0-0 7. e5 Nfd7 8. 0-0 Nc6 9. Re1 Qc7 10. Qe2 b5 11. Nf1 Bb7 12. Bf4 Nb6 13. h4 Rad8 14. N1h2 d4 15. Ng5 h6 16. Be4 Nd5 17. Qh5 Nxf4 18. gxf4 Nb4 19. Ng4 Bxe4 20. Nxe4 f5 21. Nxh6+ gxh6 22. Qg6+ Kh8 23. Qxh6+ Kg8 24. Kh2 Bf6 25. Nxf6+ Rxf6 26. exf6 1-0

[Event "Regionalliga SW 0203"]
[Site "Bayern"]
[Date "2003.03.09"]
[Round "8.7"]
[White "Juettner, Andreas"]
[Black "Lux, Werner"]
[Result "0-1"]
[WhiteElo "1986"]
[BlackElo "1954"]
[PlyCount "184"]
[EventDate "2002.10.20"]
[EventType "team"]
[EventRounds "9"]
[EventCountry "GER"]
[SourceTitle "EXT 2004"]
[Source "ChessBase"]
[SourceDate "2003.11.25"]
[SourceVersion "1"]
[SourceVersionDate "2003.11.25"]
[SourceQuality "1"]
[WhiteTeam "Muenchen 36"]
[BlackTeam "Tuerkheim"]
[WhiteTeamCountry "GER"]
[BlackTeamCountry "GER"]

1. d4 Nf6 2. Nf3 g6 3. c4 Bg7 4. Nc3 0-0 5. e4 d6 6. Be2 e5 7. 0-0 Nc6 8. d5 Ne7 9. b4 Ne8 10. c5 f5 11. Ng5 f4 12. Bg4 Rf6 13. Be6+ Bxe6 14. Nxe6 Qd7 15. b5 Bf8 16. Ba3 Ng7 17. c6 Qc8 18. cxb7 Qxb7 19. Nxg7 Kxg7 20. Rc1 Ng8 21. Qd3 Qc8 22. f3 Be7 23. Na4 Rb8 24. Rc6 Bd8 25. Rfc1 Qd7 26. Nc3 g5 27. Ra6 Ra8 28. Qc4 Ne7 29. Qe2 h5 30. Qf2 Nc8 31. Bb4 Rg6 32. a4 g4 33. Nb1 g3 34. hxg3 Rxg3 35. Kf1 h4 36. Ke2 h3 37. gxh3 Qxh3 38. Rg1 Kf7 39. Rc6 Ne7 40. Rcc1 a6 41. Rh1 Qg2 42. b6 Qxf2+ 43. Kxf2 c5 44. dxc6 Bxb6+ 45. Ke2 Rc8 46. Rh7+ Ke6 47. Rh6+ Rg6 48. Rxg6+ Nxg6 49. Nd2 Ne7 50. Nc4 Rxc6 51. Kd3 d5 52. exd5+ Nxd5 53. Bd2 Bd8 54. Rh1 Nb6 55. Nxb6 Rd6+ 56. Ke2 Bxb6 57. Bb4 Rc6 58. Kd3 Kd5 59. Rh5 Bc5 60. Bd2 Rd6 61. Bc3 Bd4 62. Bd2 Re6 63. Bxf4 Rf6 64. Bd2 Rxf3+ 65. Ke2 Rf6 66. Rh8 Rb6 67. Rh4 Rg6 68. Rh2 Kc4 69. a5 Rc6 70. Kf3 Kd3 71. Bb4 e4+ 72. Kg4 e3 73. Be1 Bc3 74. Bxc3 Kxc3 75. Rh3 Re6 76. Kf5 Re8 77. Kf4 Kd2 78. Rh2+ e2 79. Kf3 Kd1 80. Rxe2 Rxe2 81. Kg3 Kd2 82. Kf3 Kd3 83. Kg3 Ke3 84. Kg4 Rf2 85. Kg3 Rf1 86. Kg2 Rf7 87. Kg3 Rg7+ 88. Kh4 Kf4 89. Kh3 Rg8 90. Kh2 Kf3 91. Kh1 Kf2 92. Kh2 Rh8# 0-1

[Event "Landesliga Sued 0102"]
[Site "Bayern"]
[Date "2002.04.14"]
[Round "8.6"]
[White "Lautner, Josef"]
[Black "Lux, Werner"]
[Result "1-0"]
[WhiteElo "2140"]
[BlackElo "1920"]
[PlyCount "80"]
[EventDate "2001.10.07"]
[EventType "team-tourn"]
[EventRounds "9"]
[EventCountry "GER"]
[SourceTitle "EXT 2003"]
[Source "ChessBase"]
[SourceDate "2002.11.25"]
[SourceVersion "1"]
[SourceVersionDate "2002.11.25"]
[SourceQuality "1"]
[WhiteTeam "Waldkirch"]
[BlackTeam "Tuerkheim/Bad Woerishofen"]
[WhiteTeamCountry "GER"]
[BlackTeamCountry "GER"]

1. d4 Nf6 2. c4 g6 3. Nc3 Bg7 4. e4 d6 5. f3 0-0 6. Bg5 h6 7. Be3 e5 8. Nge2 Nc6 9. d5 Ne7 10. Qd2 Kh7 11. h4 Nd7 12. g4 f5 13. h5 f4 14. hxg6+ Nxg6 15. Bf2 Bf6 16. 0-0-0 Kg7 17. Kb1 a6 18. Nc1 b6 19. Bd3 Nc5 20. Bc2 Bd7 21. b4 Nb7 22. Nd3 a5 23. a3 axb4 24. axb4 Qe7 25. Kb2 Rfb8 26. Ra1 Nd8 27. Ba4 Bxa4 28. Rxa4 Rxa4 29. Nxa4 b5 30. cxb5 Rxb5 31. Nc3 Rb7 32. Ra1 Bh4 33. Bg1 Bg3 34. Ra8 Nh4 35. Qd1 Qd7 36. b5 c6 37. Rxd8 Qxd8 38. dxc6 Rb8 39. Nxe5 Qa5 40. Qd5 Qb4+ 1-0